[Event "AUTO-ELITE-07"]
[Site "http://www.queenalice.com/game.php?id=51950"]
[Date "2006.2.9"]
[Round "2"]
[White "Brandon"]
[Black "arb"]
[Result "0-1"]
[WhiteElo "2158"]
[BlackElo "2281"]

1. e4 d5 2. exd5 Nf6 3. d4 Bg4 4. f3 Bf5 5. Bb5+ c6 6. dxc6 Nxc6 7. Ne2 Qb6 8.
c4 O-O-O 9. Bxc6 bxc6 10. Qb3 e5 11. Qxb6 axb6 12. dxe5 Nd7 13. Nd4 Bxb1 14.
Nxc6 Bg6 15. Nxd8 Nxe5 16. Nxf7 Bxf7 17. b3 Bc5 18. Bg5 Re8 19. Kd1 h6 20. Bh4
Nd3 21. a4 Nb2+ 22. Kc2 Re2+ 23. Kc3 Bg6 24. b4 Rc2+ 25. Kb3 Bd4 26. Rac1 Rxg2
27. Be1 Nd3 0-1

[Event "Challenge"]
[Site "http://www.queenalice.com/game.php?id=59789"]
[Date "2006.3.27"]
[Round "-"]
[White "losloper"]
[Black "arb"]
[Result "0-1"]
[WhiteElo "2182"]
[BlackElo "2341"]

1. e4 d5 2. exd5 Nf6 3. d4 Bg4 4. f3 Bf5 5. Bb5+ c6 6. dxc6 Nxc6 7. Ne2 Qb6 8.
a4 O-O-O 9. c3 e5 10. Bxc6 bxc6 11. a5 Qc7 12. O-O Bd6 13. Ng3 Bg6 14. Bg5 exd4
15. cxd4 Be5 16. Be3 Rhe8 17. Re1 c5 18. Na3 Bxd4 19. Bxd4 Rxd4 20. Rxe8+ Nxe8
21. Qe1 Qd7 22. Rc1 Nc7 23. Ne2 Rd3 24. Nc4 f6 25. Ng3 Kb8 26. Nf1 Nd5 27. Ncd2
Nf4 28. Rc4 Ne6 29. Kh1 Rd5 30. Rc3 Ka8 31. Re3 Bf7 32. Kg1 h5 33. h3 g5 34. Ne4
Rd1 35. Qe2 f5 36. Nd2 Ra1 37. Qa6 Rd1 38. Nc4 Qb7 39. Nb6+ Kb8 40. Qe2 Rd6 41.
Nc4 Ra6 42. Re5 Nd4 43. Qe3 Qb4 44. Nfd2 Rc6 0-1

[Event "Challenge"]
[Site "http://www.queenalice.com/game.php?id=65681"]
[Date "2006.4.27"]
[Round "-"]
[White "peaodeborracha"]
[Black "arb"]
[Result "0-1"]
[WhiteElo "2099"]
[BlackElo "2297"]

1. e4 e5 2. Nf3 Nc6 3. Bb5 a6 4. Ba4 Nf6 5. O-O b5 6. Bb3 Bc5 7. Nxe5 Nxe5 8. d4
Bxd4 9. Qxd4 d6 10. f4 c5 11. Qc3 Neg4 12. e5 c4 13. exf6 O-O 14. fxg7 Re8 15.
h3 Bb7 16. Bxc4 Qb6+ 17. Kh1 Ne3 18. Kh2 bxc4 19. Bxe3 Rxe3 20. Qd2 Rae8 21. Nc3
Qxb2 22. Nd1 Re2 23. Re1 Rxe1 24. Nxb2 R1e2 25. Nxc4 Rxd2 26. Nxd2 Re2 27. Rb1
Bxg2 28. Nb3 Be4+ 29. Kg3 Rxc2 30. Re1 d5 31. Re3 Kxg7 32. a3 Rg2+ 33. Kh4 Kf6
34. Nd4 Rd2 35. Nb3 Rf2 36. Kg4 Rg2+ 37. Rg3 h5+ 38. Kh4 Rf2 39. Kxh5 Rxf4 40.
Rg4 Bf3 41. Nc5 Rc4 42. Nd3 Bxg4+ 43. hxg4 Rc3 44. Nf4 Ke5 45. Ne2 Rh3+ 46. Kg5
d4 0-1

[Event "Challenge"]
[Site "http://www.queenalice.com/game.php?id=66355"]
[Date "2006.5.2"]
[Round "-"]
[White "Kaupauki"]
[Black "arb"]
[Result "0-1"]
[WhiteElo "2270"]
[BlackElo "2319"]

1. e4 e5 2. Nf3 Nc6 3. Bb5 a6 4. Ba4 Nf6 5. O-O Be7 6. Re1 b5 7. Bb3 O-O 8. h3
Bb7 9. d3 Re8 10. Nc3 Bb4 11. Ng5 Rf8 12. a3 Bxc3 13. bxc3 h6 14. Nf3 d6 15. Rb1
Na5 16. Ba2 c5 17. Nh4 Bc8 18. Qf3 Be6 19. Bxe6 fxe6 20. Qg3 Nh5 21. Qg4 Qf6 22.
Nf3 Qf7 23. h4 Kh8 24. Bd2 Nc6 25. Rb3 Rab8 26. Be3 Nf6 27. Qh3 Nd7 28. Rc1 d5
29. Qg3 Qh5 30. Qh3 d4 31. Bd2 dxc3 32. Bxc3 Rf6 33. Nh2 Rbf8 34. f3 Nd4 35.
Bxd4 exd4 36. Ng4 Rg6 37. Qh2 Rxf3 38. gxf3 Ne5 39. Rf1 Nxg4 40. fxg4 Rxg4+ 41.
Kf2 Rxh4 42. Qb8+ Kh7 43. Rbb1 Qg5 44. Qg3 Rf4+ 45. Kg2 Rg4 46. Qxg4 Qxg4+ 47.
Kh1 Qe2 48. Rbc1 g5 49. Rg1 Qf3+ 50. Rg2 g4 51. Ra1 g3 52. a4 h5 53. Kg1 Qe3+
0-1

[Event "Challenge"]
[Site "http://www.queenalice.com/game.php?id=66356"]
[Date "2006.5.2"]
[Round "-"]
[White "arb"]
[Black "Kaupauki"]
[Result "1-0"]
[WhiteElo "2330"]
[BlackElo "2238"]

1. e4 e5 2. Nf3 Nc6 3. Bb5 Nf6 4. O-O Nxe4 5. d4 Nd6 6. Bxc6 dxc6 7. dxe5 Nf5 8.
Qxd8+ Kxd8 9. Nc3 Ke8 10. h3 Be6 11. Rd1 Bb4 12. Bd2 Rd8 13. Be1 Be7 14. g4 Nh4
15. Nxh4 Bxh4 16. f4 Be7 17. f5 Bc8 18. Kf2 h5 19. Kg3 Rxd1 20. Rxd1 hxg4 21.
hxg4 g6 22. f6 Bb4 23. Ne4 Rh1 24. c3 Bf8 25. Nf2 Rh8 26. b3 Be6 27. Nh3 Bd5 28.
c4 Bf3 29. Ra1 c5 30. Bc3 Bc6 31. Re1 Rh6 32. e6 fxe6 33. Rxe6+ Kd7 34. Re3 g5
35. Nxg5 Bd6+ 36. Kf2 Rg6 37. Ne6 Rxg4 38. f7 Be4 39. f8=Q Bxf8 40. Nxf8+ Kd6
41. Re1 a6 42. Ke3 Bf5 43. Rf1 Rg3+ 44. Kf4 Rxc3 45. Kxf5 Rc2 46. a4 Rc3 47. a5
b6 48. Ng6 Rxb3 49. Ne5 Ke7 50. Rd1 Ke8 51. Rd7 bxa5 52. Rxc7 Kd8 53. Rc6 a4 54.
Ke6 Re3 55. Rxa6 1-0

[Event "Isa <--> Albé  "]
[Site "http://www.queenalice.com/game.php?id=98250"]
[Date "2006.8.22"]
[Round "-"]
[White "chessyca"]
[Black "arb"]
[Result "0-1"]
[WhiteElo "1628"]
[BlackElo "2340"]

1. d4 g6 2. Bg5 Bg7 3. e3 c5 4. Nf3 Qb6 5. Bc4 Qxb2 6. Nbd2 Qa3 7. O-O h6 8. Bf4
Nf6 9. Ne5 d5 10. Bb3 g5 11. Bg3 c4 12. Ndf3 cxb3 13. axb3 Qb4 14. c3 Qb6 15. b4
O-O 16. h4 Ne4 17. Qc1 g4 18. Ne1 Bf5 19. N5d3 Nd7 20. Nf4 Qc6 21. Ra3 Nb6 22.
Nh5 Rfc8 23. f3 Nxc3 24. Qb2 Bh8 25. f4 Bg6 26. Nf6+ Bxf6 27. f5 Ne4 28. fxg6
Nc4 29. gxf7+ Kxf7 30. b5 Qe6 0-1

[Event "Le sicilien est de retour "]
[Site "http://www.queenalice.com/game.php?id=127212"]
[Date "2006.11.9"]
[Round "-"]
[White "arb"]
[Black "moonspell"]
[Result "1-0"]
[WhiteElo "2339"]
[BlackElo "1921"]

1. e4 c5 2. Nf3 d6 3. d4 cxd4 4. Nxd4 Nf6 5. Nc3 a6 6. Bc4 e6 7. Bb3 b5 8. Bg5
Be7 9. Qf3 Qc7 10. O-O-O Nbd7 11. e5 Bb7 12. Qg3 dxe5 13. Bxe6 fxe6 14. Nxe6 Qc6
15. Nxg7+ Kf7 16. Bxf6 Bxf6 17. Ne4 Bxg7 18. Nd6+ Kf8 19. Qb3 Bh6+ 20. Kb1 Ke7
21. Qf7+ Kd8 22. Nxb7+ Qxb7 23. Qf6+ Kc7 24. Rxd7+ Kxd7 25. Rd1+ Kc7 26. Qxe5+
Kb6 27. Rd6+ Ka7 28. Qd4+ 1-0

[Event "AUTO-OPEN-146"]
[Site "http://www.queenalice.com/game.php?id=145647"]
[Date "2006.12.24"]
[Round "3"]
[White "arb"]
[Black "csparrow"]
[Result "1-0"]
[WhiteElo "2348"]
[BlackElo "2412"]

1. e4 c5 2. Nf3 d6 3. d4 cxd4 4. Nxd4 Nf6 5. Nc3 a6 6. Bc4 e6 7. Bb3 b5 8. Bg5
Bb7 9. O-O Nbd7 10. Re1 h6 11. Bh4 g5 12. Bg3 Ne5 13. Nf3 Qc7 14. Bd5 Nxd5 15.
exd5 Nxf3+ 16. Qxf3 Be7 17. Rad1 O-O 18. Qh5 Kg7 19. dxe6 Rad8 20. h4 Qc5 21.
hxg5 Qxg5 22. Qh3 h5 23. Ne4 Bxe4 24. Rxe4 Qg6 25. Rdd4 1-0

[Event "AUTO-OPEN-146"]
[Site "http://www.queenalice.com/game.php?id=145648"]
[Date "2006.12.24"]
[Round "3"]
[White "csparrow"]
[Black "arb"]
[Result "1/2-1/2"]
[WhiteElo "2397"]
[BlackElo "2362"]

1. Nf3 c5 2. c4 Nc6 3. d4 cxd4 4. Nxd4 e6 5. Nc3 Nf6 6. a3 Be7 7. g3 Qb6 8. e3
d5 9. cxd5 Nxd5 10. Nxd5 exd5 11. Qb3 Qxb3 12. Nxb3 Bf6 13. Bg2 Be6 14. Nc5 Na5
15. Rb1 Bf5 16. e4 Bg6 17. h4 h5 18. b4 Nc4 19. Nxb7 O-O 20. O-O dxe4 21. Na5
Nxa5 22. bxa5 Rfd8 23. Rb4 Bd4 24. Be3 Bxe3 25. fxe3 f5 26. Rfb1 Rd3 27. R4b3
Rc8 28. Bf1 Rxb3 29. Rxb3 Bf7 30. Rb7 Rc3 31. Kf2 Rc2+ 32. Ke1 Rc1+ 33. Kf2 Rc2+
1/2-1/2

[Event "Le défi essonnien !"]
[Site "http://www.queenalice.com/game.php?id=209470"]
[Date "2007.5.11"]
[Round "-"]
[White "arb"]
[Black "chouia"]
[Result "1-0"]
[WhiteElo "2363"]
[BlackElo "1661"]

1. e4 c5 2. c3 d6 3. d4 cxd4 4. cxd4 g6 5. Nc3 a6 6. Nf3 Bg4 7. Qb3 b5 8. a4
Bxf3 9. gxf3 bxa4 10. Qb7 Nd7 11. Nd5 Rc8 12. Bxa6 Bg7 13. Qxc8 Qxc8 14. Bxc8
Ngf6 15. Nc3 O-O 16. Ba6 Nh5 17. Rxa4 Nb6 18. Rb4 Ra8 19. Rxb6 Bxd4 20. Rc6 Kg7
21. Be3 Bc5 22. Kd2 Bxe3+ 23. fxe3 1-0

[Event "Distraction ludique"]
[Site "http://www.queenalice.com/game.php?id=210542"]
[Date "2007.5.14"]
[Round "-"]
[White "chessyca"]
[Black "arb"]
[Result "0-1"]
[WhiteElo "1631"]
[BlackElo "2364"]

1. d4 Nf6 2. Bg5 c5 3. e3 Qb6 4. Qc1 Ne4 5. Bh4 g5 6. Bd3 gxh4 7. Bxe4 cxd4 8.
Ne2 d5 9. Bf3 Bh6 10. Nd2 dxe3 11. fxe3 Bxe3 12. c4 d4 13. Qc2 Nc6 14. O-O-O Nb4
15. Qb3 Bf5 16. Nxd4 Qxd4 17. Qxb4 Qd3 18. Be4 Bxe4 19. Qc3 Qb1# 0-1

[Event "Challenge"]
[Site "http://www.queenalice.com/game.php?id=396584"]
[Date "2008.5.2"]
[Round "-"]
[White "arb"]
[Black "dondito1"]
[Result "1-0"]
[WhiteElo "2370"]
[BlackElo "1707"]

1. e4 d6 2. d4 Nf6 3. Nc3 c6 4. f4 Qa5 5. Bd3 e5 6. Nf3 exd4 7. Nxd4 Bg4 8. Qd2
Nbd7 9. h3 Qh5 10. Rf1 Bxh3 11. Rh1 Qh4+ 12. Kf1 Bxg2+ 13. Qxg2 Qg4 14. Qh2 Qh5
15. Qxh5 Nxh5 16. Rxh5 Nf6 17. Rh3 O-O-O 18. Be3 Ng4 19. Bg1 h5 20. Be2 Be7 21.
Nf5 Bf6 22. Nxd6+ Rxd6 23. Bxg4+ Kc7 24. e5 1-0

[Event "Challenge"]
[Site "http://www.queenalice.com/game.php?id=425569"]
[Date "2008.6.30"]
[Round "-"]
[White "arb"]
[Black "KLEOJ"]
[Result "1-0"]
[WhiteElo "2365"]
[BlackElo "2133"]

1. e4 c5 2. Nc3 e6 3. f4 d5 4. Nf3 Nc6 5. Bb5 Nf6 6. Bxc6+ bxc6 7. Qe2 Be7 8. d3
O-O 9. e5 Nd7 10. O-O f5 11. exf6 Nxf6 12. Na4 Bd6 13. b3 Qe8 14. Ba3 Nd7 15.
Rae1 Rf6 16. Ne5 Qf8 17. Qe3 c4 18. Bxd6 Qxd6 19. dxc4 d4 20. Qe4 Bb7 21. Nxd7
Qxd7 22. Nc5 Qe7 23. Qxd4 Rd8 24. Qe5 Bc8 25. f5 Rd2 26. Ne4 Qd8 27. Nxd2 Qxd2
28. Rd1 Qb4 29. Rd8+ Rf8 30. Rxc8 1-0

[Event "Challenge"]
[Site "http://www.queenalice.com/game.php?id=456182"]
[Date "2008.8.31"]
[Round "-"]
[White "christian_labat"]
[Black "arb"]
[Result "0-1"]
[WhiteElo "1840"]
[BlackElo "2371"]

1. e4 d5 2. exd5 Nf6 3. Bb5+ Bd7 4. Bc4 Bg4 5. Nf3 Nxd5 6. Nc3 e6 7. h3 Bh5 8.
d4 Nxc3 9. bxc3 Nd7 10. Bd3 Bd6 11. Rb1 Rb8 12. O-O O-O 0-1

[Event "Challenge"]
[Site "http://www.queenalice.com/game.php?id=502543"]
[Date "2008.12.4"]
[Round "-"]
[White "arb"]
[Black "KLEOJ"]
[Result "1-0"]
[WhiteElo "2372"]
[BlackElo "2079"]

1. e4 e5 2. Bc4 Nf6 3. d4 exd4 4. Nf3 Bc5 5. e5 d5 6. Bb5+ Nfd7 7. Bg5 Be7 8.
Bxe7 Qxe7 9. Bxd7+ Nxd7 10. Qxd4 c6 11. Nbd2 O-O 12. O-O-O Nc5 13. Rhe1 a5 14.
Qe3 Be6 15. Nd4 Na4 16. f4 c5 17. Nb5 c4 18. Nd6 c3 19. bxc3 Qc7 20. c4 dxc4 21.
f5 c3 22. Nb3 Bxb3 23. axb3 Nb2 24. f6 h6 25. Nf5 Rfd8 26. Nxh6+ Kf8 27. fxg7+
Kxg7 28. Nf5+ Kg6 29. Qh6+ Kxf5 30. Rf1+ 1-0